000 00479nam a2200145Ia 4500
008 100122s9999 xx 000 0 und d
082 _b61206
_a824
100 _aबोराडे रा रं
245 _aतिळा तिळा डिकी उघड
260 _bसुरेश एजन्सी
_c2002
300 _a128
630 _aतिळा तिळा डिकी उघड
730 _aतिळा तिळा डिकी उघड
942 _cBOOK
999 _c436080
_d436077